00457nam a2200133Ia 4500020001800000082002000018245008800038260004000126500005700166504001900223650003200242700002500274700002400299 a9788183701280 aRR 330.954 CHA- 0aChallenges of economic policy in Manipur: essays in honour of prof. M. Iboton Singh aNew DelhibAkansha Publishingc2009 acontents: 2vols. Vol.1 (xx, 276p.) - v.2 (vi, 505p.) aincludes index aManipurvEconomic condition aSingh, E. Bijoykumar aSingh, Jhaljit KSH.